<?xml version="1.0" encoding="UTF-8"?><?xml-stylesheet type="text/xsl" href="static/style.xsl"?><OAI-PMH xmlns="http://www.openarchives.org/OAI/2.0/" xmlns:xsi="http://www.w3.org/2001/XMLSchema-instance" xsi:schemaLocation="http://www.openarchives.org/OAI/2.0/ http://www.openarchives.org/OAI/2.0/OAI-PMH.xsd"><responseDate>2026-04-17T23:23:17Z</responseDate><request verb="GetRecord" identifier="oai:riubu.ubu.es:10259/9861" metadataPrefix="marc">https://riubu.ubu.es/oai/request</request><GetRecord><record><header><identifier>oai:riubu.ubu.es:10259/9861</identifier><datestamp>2025-01-11T01:05:28Z</datestamp><setSpec>com_10259_4734</setSpec><setSpec>com_10259_5086</setSpec><setSpec>com_10259_2604</setSpec><setSpec>col_10259_4735</setSpec></header><metadata><record xmlns="http://www.loc.gov/MARC21/slim" xmlns:doc="http://www.lyncode.com/xoai" xmlns:xsi="http://www.w3.org/2001/XMLSchema-instance" xmlns:dcterms="http://purl.org/dc/terms/" xsi:schemaLocation="http://www.loc.gov/MARC21/slim http://www.loc.gov/standards/marcxml/schema/MARC21slim.xsd">
<leader>00925njm 22002777a 4500</leader>
<datafield tag="042" ind1=" " ind2=" ">
<subfield code="a">dc</subfield>
</datafield>
<datafield tag="720" ind1=" " ind2=" ">
<subfield code="a">Navarro-Carrillo, Ginés</subfield>
<subfield code="e">author</subfield>
</datafield>
<datafield tag="720" ind1=" " ind2=" ">
<subfield code="a">Méndez, Lander</subfield>
<subfield code="e">author</subfield>
</datafield>
<datafield tag="720" ind1=" " ind2=" ">
<subfield code="a">Cakal, Huseyin</subfield>
<subfield code="e">author</subfield>
</datafield>
<datafield tag="720" ind1=" " ind2=" ">
<subfield code="a">Páez Rovira, Darío .</subfield>
<subfield code="e">author</subfield>
</datafield>
<datafield tag="720" ind1=" " ind2=" ">
<subfield code="a">Pizarro, José J.</subfield>
<subfield code="e">author</subfield>
</datafield>
<datafield tag="720" ind1=" " ind2=" ">
<subfield code="a">Zumeta, Larraitz</subfield>
<subfield code="e">author</subfield>
</datafield>
<datafield tag="720" ind1=" " ind2=" ">
<subfield code="a">Gracia Leiva, Marcela</subfield>
<subfield code="e">author</subfield>
</datafield>
<datafield tag="720" ind1=" " ind2=" ">
<subfield code="a">Da Costa, Silvia</subfield>
<subfield code="e">author</subfield>
</datafield>
<datafield tag="720" ind1=" " ind2=" ">
<subfield code="a">Basabe, Nekane</subfield>
<subfield code="e">author</subfield>
</datafield>
<datafield tag="720" ind1=" " ind2=" ">
<subfield code="a">Telletxea, Saioa</subfield>
<subfield code="e">author</subfield>
</datafield>
<datafield tag="720" ind1=" " ind2=" ">
<subfield code="a">Delfino, Gisela</subfield>
<subfield code="e">author</subfield>
</datafield>
<datafield tag="720" ind1=" " ind2=" ">
<subfield code="a">Techio, Elza</subfield>
<subfield code="e">author</subfield>
</datafield>
<datafield tag="720" ind1=" " ind2=" ">
<subfield code="a">Mathias, Anderson</subfield>
<subfield code="e">author</subfield>
</datafield>
<datafield tag="720" ind1=" " ind2=" ">
<subfield code="a">Alzugaray-Ponce, Carolina</subfield>
<subfield code="e">author</subfield>
</datafield>
<datafield tag="720" ind1=" " ind2=" ">
<subfield code="a">Villagrán, Loreto</subfield>
<subfield code="e">author</subfield>
</datafield>
<datafield tag="720" ind1=" " ind2=" ">
<subfield code="a">Martínez-Zelaya, Gonzalo</subfield>
<subfield code="e">author</subfield>
</datafield>
<datafield tag="720" ind1=" " ind2=" ">
<subfield code="a">Bilbao, María Ángeles</subfield>
<subfield code="e">author</subfield>
</datafield>
<datafield tag="720" ind1=" " ind2=" ">
<subfield code="a">Wlodarczyk, Anna</subfield>
<subfield code="e">author</subfield>
</datafield>
<datafield tag="720" ind1=" " ind2=" ">
<subfield code="a">López-López, Wilson</subfield>
<subfield code="e">author</subfield>
</datafield>
<datafield tag="720" ind1=" " ind2=" ">
<subfield code="a">Alfaro-Beracoechea, Laura</subfield>
<subfield code="e">author</subfield>
</datafield>
<datafield tag="720" ind1=" " ind2=" ">
<subfield code="a">Ibarra, Manuel L.</subfield>
<subfield code="e">author</subfield>
</datafield>
<datafield tag="720" ind1=" " ind2=" ">
<subfield code="a">Carvalho, Catarina</subfield>
<subfield code="e">author</subfield>
</datafield>
<datafield tag="720" ind1=" " ind2=" ">
<subfield code="a">Pinto, Isabel R.</subfield>
<subfield code="e">author</subfield>
</datafield>
<datafield tag="720" ind1=" " ind2=" ">
<subfield code="a">Moyano-Díaz, Emilio</subfield>
<subfield code="e">author</subfield>
</datafield>
<datafield tag="720" ind1=" " ind2=" ">
<subfield code="a">Espinosa, Agustín</subfield>
<subfield code="e">author</subfield>
</datafield>
<datafield tag="720" ind1=" " ind2=" ">
<subfield code="a">Cueto, Rosa M.</subfield>
<subfield code="e">author</subfield>
</datafield>
<datafield tag="260" ind1=" " ind2=" ">
<subfield code="c">2021-12</subfield>
</datafield>
<datafield tag="520" ind1=" " ind2=" ">
<subfield code="a">La actual pandemia de la COVID-19 ha supuesto un marcado incremento de las brechas sociales preexistentes. En esta investigación analizamos las relaciones de diferentes facetas de clase social con el bienestar y afectividad general a lo largo de un total de 8 países de la región cultural iberoamericana. Asimismo, también pusimos a prueba el potencial rol mediador del riesgo percibido relativo a la COVID-19 y de la eficacia colectiva percibida. Los resultados obtenidos (a) revelaron que una clase social más baja se relacionó con un menor bienestar y afecto positivo, así como con un mayor afecto negativo; (b) confirmaron que la clase social subjetiva constituye un mejor predictor del bienestar y afectividad general que el nivel educativo (i.e., indicador de clase social objetiva); y (c) mostraron que los efectos de la clase social subjetiva en el bienestar/afectividad general se daban de forma indirecta a través del riesgo percibido y la eficacia colectiva. Estos hallazgos confirman la existencia de diferencias en bienestar y afectividad general en función de la clase social durante la pandemia, al tiempo que permiten avanzar en la comprensión de los mecanismos psicosociales subyacentes.</subfield>
</datafield>
<datafield tag="024" ind2=" " ind1="8">
<subfield code="a">1138-2635</subfield>
</datafield>
<datafield tag="024" ind2=" " ind1="8">
<subfield code="a">http://hdl.handle.net/10259/9861</subfield>
</datafield>
<datafield tag="024" ind2=" " ind1="8">
<subfield code="a">10.24310/espsiescpsi.v14i2.13608</subfield>
</datafield>
<datafield tag="024" ind2=" " ind1="8">
<subfield code="a">1989-3809</subfield>
</datafield>
<datafield ind1=" " ind2=" " tag="653">
<subfield code="a">COVID-19</subfield>
</datafield>
<datafield ind1=" " ind2=" " tag="653">
<subfield code="a">Clase social subjetiva</subfield>
</datafield>
<datafield ind1=" " ind2=" " tag="653">
<subfield code="a">Bienestar</subfield>
</datafield>
<datafield ind1=" " ind2=" " tag="653">
<subfield code="a">Afectividad</subfield>
</datafield>
<datafield ind1=" " ind2=" " tag="653">
<subfield code="a">Riesgo percibido</subfield>
</datafield>
<datafield ind1=" " ind2=" " tag="653">
<subfield code="a">Eficacia colectiva</subfield>
</datafield>
<datafield tag="245" ind1="0" ind2="0">
<subfield code="a">Clase social, bienestar y afectividad general durante la pandemia de la COVID-19 en Iberoamérica</subfield>
</datafield>
</record></metadata></record></GetRecord></OAI-PMH>